[Event "Podturen Mavrin Memorial 8th"]
[Site "Podturen"]
[Date "2020.01.06"]
[Round "7"]
[White "Zugaj, Fjodor"]
[Black "Kolednjak, Tomislav"]
[Result "1/2-1/2"]
[WhiteElo "2168"]
[BlackElo "1993"]
[PlyCount "46"]
[EventDate "2020.01.03"]
[EventType "swiss"]
[EventRounds "7"]
[EventCountry "CRO"]
[SourceTitle "CBM 194 Extra"]
[Source "ChessBase"]
[SourceDate "2020.03.31"]
[SourceVersion "1"]
[SourceVersionDate "2020.03.31"]
[SourceQuality "1"]

1. d4 Nf6 2. c4 g6 3. g3 c6 4. Nc3 d5 5. Nf3 Bg7 6. Qb3 Qb6 7. Qxb6 axb6 8. cxd5 Nxd5 9. Nxd5 cxd5 10. e3 Nc6 11. Bd2 0-0 12. Bc3 Bf5 13. Nh4 Be6 14. Bd3 Rfc8 15. Kd2 Kf8 16. Rhc1 Na5 17. b3 Bd7 18. Ng2 Ke8 19. Ne1 Bf8 20. Kc2 e6 21. Kb2 Kd8 22. a3 Nc6 23. Bf1 Ra7 1/2-1/2

[Event "Podturen Mavrin Memorial 8th"]
[Site "Podturen"]
[Date "2020.01.04"]
[Round "2"]
[White "Zugaj, Fjodor"]
[Black "Horina, Tomislav"]
[Result "1/2-1/2"]
[WhiteElo "2168"]
[BlackElo "1916"]
[PlyCount "160"]
[EventDate "2020.01.03"]
[EventType "swiss"]
[EventRounds "7"]
[EventCountry "CRO"]
[SourceTitle "CBM 194 Extra"]
[Source "ChessBase"]
[SourceDate "2020.03.31"]
[SourceVersion "1"]
[SourceVersionDate "2020.03.31"]
[SourceQuality "1"]

1. Nf3 Nf6 2. c4 e6 3. b3 d5 4. e3 Be7 5. Bb2 0-0 6. Be2 c5 7. 0-0 Nc6 8. cxd5 exd5 9. d4 cxd4 10. Nxd4 Ne4 11. Nd2 Nxd4 12. Bxd4 Bf6 13. Nxe4 dxe4 14. Bxf6 Qxf6 15. Qd5 Qg6 16. Rfd1 Bh3 17. Bf1 b6 18. Rd4 Bf5 19. Rc1 Qe6 20. Qxe6 fxe6 21. Ba6 Rad8 22. Rxd8 Rxd8 23. Rc8 Rxc8 24. Bxc8 Kf7 25. Kf1 Ke7 26. Ke1 Kd6 27. Kd2 b5 28. Bb7 Kc7 29. Ba8 b4 30. h3 h5 31. h4 Kd6 32. Bb7 a5 33. Ba6 e5 34. Bb7 Kc5 35. Kc2 Kb6 36. Ba8 Kc5 37. Kb2 Kd6 38. a3 Kc5 39. Bb7 Kd6 40. axb4 axb4 41. Kc2 Kc5 42. Kd2 Be6 43. Bxe4 Bxb3 44. Bg6 Bd5 45. f3 Kc4 46. Bxh5 Kb3 47. Bg6 Ka2 48. Bd3 b3 49. e4 Be6 50. Kc3 b2 51. Kb4 Bd7 52. h5 Be8 53. g4 Bf7 54. Kc3 Ka1 55. Kd2 Ba2 56. g5 Bb1 57. Bxb1 Kxb1 58. h6 gxh6 59. gxh6 Ka2 60. h7 b1Q 61. h8Q Qb2+ 62. Ke3 Qc1+ 63. Kf2 Qd2+ 64. Kg3 Qf4+ 65. Kg2 Qd2+ 66. Kh3 Qf4 67. Qg8+ Kb2 68. Qg3 Qf6 69. Qf2+ Kc3 70. Qe3+ Kc4 71. Kg4 Qe6+ 72. Kg5 Qf7 73. Qe2+ Kc3 74. Qd1 Qf4+ 75. Kg6 Kc4 76. Qd5+ Kc3 77. Qf7 Qg3+ 78. Kh7 Kd4 79. Qa7+ Kd3 80. Qg7 Qxf3 1/2-1/2

[Event "Medjimurske Team Cup"]
[Site "Nedelisce"]
[Date "2018.03.18"]
[Round "6.3"]
[White "Zadravec, Matija"]
[Black "Zugaj, Fjodor"]
[Result "1/2-1/2"]
[WhiteElo "2214"]
[BlackElo "2154"]
[PlyCount "74"]
[EventDate "2018.02.11"]
[EventType "team-swiss"]
[EventRounds "6"]
[EventCountry "CRO"]
[SourceTitle "CBM 183 Extra"]
[Source "ChessBase"]
[SourceDate "2018.04.19"]
[SourceVersion "1"]
[SourceVersionDate "2018.04.19"]
[SourceQuality "1"]

1. e4 c6 2. d4 d5 3. exd5 cxd5 4. Bf4 Nc6 5. c3 Nf6 6. Nd2 Bf5 7. Qb3 Qb6 8. Ngf3 e6 9. Nh4 Bg4 10. f3 Bh5 11. g4 Bg6 12. Nxg6 hxg6 13. Qxb6 axb6 14. Bd3 Kd7 15. Kf2 Bd6 16. Bg3 g5 17. h3 g6 18. a3 Raf8 19. Raf1 Ne8 20. Rfg1 Rh6 21. Ke3 e5 22. Nb3 f6 23. Kf2 Nc7 24. Rd1 exd4 25. Nxd4 Nxd4 26. cxd4 Bxg3+ 27. Kxg3 Ne6 28. Rh2 Kd6 29. Bf1 f5 30. Rc2 Rh7 31. Rc3 fxg4 32. hxg4 Rf4 33. Rb3 Nxd4 34. Rbd3 Ke5 35. Re1+ Kd6 36. Red1 Ke5 37. Re1+ Kd6 1/2-1/2

[Event "Medjimurske Team Cup"]
[Site "Nedelisce"]
[Date "2018.03.11"]
[Round "5.1"]
[White "Zugaj, Fjodor"]
[Black "Makovec, Bruno"]
[Result "0-1"]
[WhiteElo "2154"]
[BlackElo "2328"]
[PlyCount "128"]
[EventDate "2018.02.11"]
[EventType "team-swiss"]
[EventRounds "6"]
[EventCountry "CRO"]
[SourceTitle "CBM 183 Extra"]
[Source "ChessBase"]
[SourceDate "2018.04.19"]
[SourceVersion "1"]
[SourceVersionDate "2018.04.19"]
[SourceQuality "1"]

1. Nf3 c5 2. b3 Nc6 3. Bb2 d6 4. c4 e5 5. Nc3 g6 6. e3 Bg7 7. d3 Nge7 8. Be2 0-0 9. Rc1 b6 10. 0-0 Bb7 11. Qc2 d5 12. cxd5 Nxd5 13. Rfd1 Nc7 14. Qb1 Ne6 15. Nd2 Qd7 16. Nc4 Rad8 17. a3 Rfe8 18. Bf1 Qe7 19. Qa1 Nc7 20. b4 b5 21. Na5 Nxa5 22. bxa5 f6 23. a4 a6 24. Qa2+ Qf7 25. Qb1 Bc6 26. Ne4 Bxe4 27. dxe4 c4 28. axb5 axb5 29. Bc3 Qe6 30. Re1 Bf8 31. Re2 Rb8 32. Rb2 Qc8 33. Bb4 Bxb4 34. Rxb4 Kg7 35. Rd1 Ra8 36. Qa1 Rd8 37. Rc1 Qa6 38. Bxc4 bxc4 39. Rbxc4 Ne8 40. Ra4 Rdc8 41. Rb1 Rc5 42. Qa3 Rc7 43. h4 Qd6 44. Qa2 Rca7 45. Rc1 Nc7 46. Rac4 Kh6 47. Rc5 Ne8 48. Qa4 Qd8 49. Ra1 Qe7 50. Rd5 Rd8 51. Rb5 Nc7 52. Rb6 Rda8 53. Qc6 Rxa5 54. Rxa5 Rxa5 55. Rb7 Rc5 56. Rxc7 Qxc7 57. Qxf6 Rc6 58. Qf8+ Qg7 59. Qd8 Qf6 60. Qd2 Qxh4 61. g3 Qf6 62. Kg2 Qd6 63. Qa2 Qe6 64. Qe2 Kg7 0-1

[Event "Medjimurske Team Cup"]
[Site "Nedelisce"]
[Date "2018.03.04"]
[Round "4.3"]
[White "Zugaj, Fjodor"]
[Black "Juras, Ivan"]
[Result "1-0"]
[WhiteElo "2154"]
[BlackElo "1704"]
[PlyCount "81"]
[EventDate "2018.02.11"]
[EventType "team-swiss"]
[EventRounds "6"]
[EventCountry "CRO"]
[SourceTitle "CBM 183 Extra"]
[Source "ChessBase"]
[SourceDate "2018.04.19"]
[SourceVersion "1"]
[SourceVersionDate "2018.04.19"]
[SourceQuality "1"]

1. Nf3 g6 2. d4 Bg7 3. b3 b6 4. g3 Bb7 5. Bg2 e6 6. Bb2 Ne7 7. Nbd2 0-0 8. 0-0 c5 9. e3 Nf5 10. c3 d6 11. e4 Nh6 12. Re1 Nd7 13. Qe2 Re8 14. Rad1 Qe7 15. c4 e5 16. dxc5 Nxc5 17. h3 f6 18. Nh4 g5 19. Nf5 Nxf5 20. exf5 Bxg2 21. Kxg2 Qb7+ 22. f3 Rad8 23. b4 Na6 24. Ne4 d5 25. cxd5 Nxb4 26. d6 Kh8 27. Qc4 a5 28. d7 Re7 29. Nd6 Qc6 30. Nf7+ Rxf7 31. Qxf7 Qc2+ 32. Kg1 Nd3 33. Rxd3 Qxd3 34. Qe8+ Bf8 35. Qxd8 Kg7 36. Qa8 Qd2 37. Qe4 Bc5+ 38. Kh1 Qf2 39. d8Q Qxg3 40. Bxe5 Qxh3+ 41. Bh2 1-0

[Event "SLO-chT1 East"]
[Site "Slovenia"]
[Date "2017.11.25"]
[Round "8"]
[White "Zugaj, Fjodor"]
[Black "Hercog, Nusa"]
[Result "1-0"]
[WhiteElo "2143"]
[BlackElo "2034"]
[PlyCount "85"]
[EventDate "2017.09.29"]
[EventType "team-tourn"]
[EventRounds "9"]
[EventCountry "SLO"]
[SourceTitle "EXT 2019"]
[Source "ChessBase"]
[SourceDate "2018.10.10"]
[SourceVersion "1"]
[SourceVersionDate "2018.10.10"]
[SourceQuality "1"]
[WhiteTeam "Maribor Branik"]
[BlackTeam "Celjski"]
[WhiteTeamCountry "SLO"]
[BlackTeamCountry "SLO"]

1. Nf3 d5 2. d4 Nf6 3. Bf4 c6 4. e3 Bg4 5. Bd3 e6 6. Nbd2 Nbd7 7. 0-0 c5 8. c3 Be7 9. Re1 0-0 10. h3 Bh5 11. Qe2 a6 12. g4 Bg6 13. Ne5 Nxe5 14. dxe5 Bxd3 15. Qxd3 c4 16. Nxc4 dxc4 17. Qxd8 Rfxd8 18. exf6 Bxf6 19. e4 Rd3 20. e5 Be7 21. Re4 b5 22. a4 Rdd8 23. Be3 g6 24. Kg2 Kg7 25. Kf3 Kf8 26. Bb6 Rdb8 27. Be3 Rd8 28. h4 Kg7 29. h5 Kg8 30. Rd4 Rxd4 31. Bxd4 Rb8 32. axb5 axb5 33. Ra7 Bg5 34. Bc5 Kg7 35. Bd6 Rb6 36. Ke4 Bh4 37. f4 Bf2 38. Ra8 h6 39. Be7 f6 40. Bxf6+ Kf7 41. Ra7+ Kg8 42. hxg6 Rb8 43. Rh7 1-0

[Event "SLO-chT1 East"]
[Site "Slovenia"]
[Date "2017.11.11"]
[Round "5"]
[White "Zugaj, Fjodor"]
[Black "Tisaj, Domen"]
[Result "1-0"]
[WhiteElo "2143"]
[BlackElo "2003"]
[PlyCount "97"]
[EventDate "2017.09.29"]
[EventType "team-tourn"]
[EventRounds "9"]
[EventCountry "SLO"]
[SourceTitle "EXT 2019"]
[Source "ChessBase"]
[SourceDate "2018.10.10"]
[SourceVersion "1"]
[SourceVersionDate "2018.10.10"]
[SourceQuality "1"]
[WhiteTeam "Maribor Branik"]
[BlackTeam "Zalec"]
[WhiteTeamCountry "SLO"]
[BlackTeamCountry "SLO"]

1. Nf3 f5 2. c4 Nf6 3. g3 e6 4. Bg2 c6 5. 0-0 d5 6. b3 Be7 7. Bb2 0-0 8. Qc2 Na6 9. a3 Bd7 10. d3 Rc8 11. Nbd2 b5 12. e4 Nc5 13. Ne5 Be8 14. exf5 exf5 15. d4 Nce4 16. c5 Nd7 17. Nd3 a5 18. f3 Nxd2 19. Qxd2 Bf7 20. Bc3 Bf6 21. Bh3 g6 22. Kg2 Ra8 23. Rae1 a4 24. b4 Qc7 25. g4 fxg4 26. fxg4 Qd8 27. Qf4 Bg5 28. Qd6 Rc8 29. Ne5 Nxe5 30. dxe5 Be7 31. Qxd8 Rfxd8 32. g5 Rc7 33. e6 Be8 34. Bf6 Rb7 35. Bg4 h5 36. Be2 Rc7 37. Bd3 Kh7 38. Kg3 Rb7 39. Kf4 Rc8 40. Ke5 Bf8 41. Rf3 Kg8 42. Ref1 Rcc7 43. Bd8 Bg7+ 44. Kd6 Rc8 45. e7 Rd7+ 46. Ke6 Rdxd8 47. exd8Q Rxd8 48. Ke7 Rc8 49. Rf8+ 1-0

[Event "SLO-chT1 East"]
[Site "Slovenia"]
[Date "2017.09.30"]
[Round "2"]
[White "Zugaj, Fjodor"]
[Black "Povse, Martin Zan"]
[Result "1-0"]
[WhiteElo "2143"]
[BlackElo "1607"]
[PlyCount "85"]
[EventDate "2017.09.29"]
[EventType "team-tourn"]
[EventRounds "9"]
[EventCountry "SLO"]
[SourceTitle "EXT 2019"]
[Source "ChessBase"]
[SourceDate "2018.10.10"]
[SourceVersion "1"]
[SourceVersionDate "2018.10.10"]
[SourceQuality "1"]
[WhiteTeam "Maribor Branik"]
[BlackTeam "Milan Majcen Sevnica"]
[WhiteTeamCountry "SLO"]
[BlackTeamCountry "SLO"]

1. Nf3 d5 2. d4 e6 3. c4 Nd7 4. Nc3 c6 5. Bf4 dxc4 6. g3 Ne7 7. Ne4 Nd5 8. Nd6+ Bxd6 9. Bxd6 b5 10. Bg2 Bb7 11. e4 Ne7 12. Qc2 Nc8 13. Bf4 c5 14. Rd1 cxd4 15. Rxd4 f6 16. Bh3 Qe7 17. 0-0 Nc5 18. Rfd1 0-0 19. b3 e5 20. Rd7 Nxd7 21. Rxd7 Qe8 22. Rxb7 exf4 23. Bd7 Qh5 24. g4 Qc5 25. Rxb5 Qc7 26. Be6+ Kh8 27. bxc4 Nb6 28. Rh5 g6 29. Rh4 Qd6 30. Bd5 Nxd5 31. exd5 Kg7 32. Qc3 h6 33. Qd4 Rfc8 34. g5 hxg5 35. Nxg5 Qe5 36. Ne6+ Kg8 37. Qd3 f5 38. Rxf4 Re8 39. Rd4 Rac8 40. Ng5 Kg7 41. Nf3 Qe2 42. Qc3 Re4 43. Rxe4+ 1-0

[Event "CRO-chT3 Centar-B"]
[Site "Croatia"]
[Date "2017.05.07"]
[Round "3.4"]
[White "Vujec, Ivan"]
[Black "Zugaj, Fjodor"]
[Result "1-0"]
[WhiteElo "2161"]
[BlackElo "2161"]
[PlyCount "113"]
[EventDate "2017.04.02"]
[EventType "team-tourn"]
[EventRounds "9"]
[EventCountry "CRO"]
[SourceTitle "EXT 2019"]
[Source "ChessBase"]
[SourceDate "2018.10.10"]
[SourceVersion "1"]
[SourceVersionDate "2018.10.10"]
[SourceQuality "1"]

1. d4 Nf6 2. c4 e6 3. Nc3 d5 4. cxd5 exd5 5. Bg5 Be7 6. e3 0-0 7. Qc2 Nbd7 8. Bd3 Re8 9. Nge2 c6 10. 0-0 Nf8 11. Rab1 g6 12. b4 Ne6 13. Bh4 Nh5 14. Bxe7 Qxe7 15. Ng3 Nxg3 16. hxg3 Bd7 17. b5 h5 18. bxc6 Bxc6 19. Bb5 h4 20. Bxc6 bxc6 21. Ne2 hxg3 22. Nxg3 Rac8 23. Rfc1 c5 24. dxc5 Rxc5 25. Qd2 Rec8 26. Rxc5 Qxc5 27. Rd1 Qc2 28. Ne2 Rc5 29. f3 a5 30. Kf2 a4 31. Ke1 Qc4 32. Rc1 Qh4+ 33. Kf1 Rxc1+ 34. Qxc1 d4 35. Qc8+ Kh7 36. exd4 Nxd4 37. Qd7 Nf5 38. Qxf7+ Kh6 39. Qe8 Kg7 40. Qe5+ Kh7 41. g4 Qh1+ 42. Kf2 Ng7 43. Qe4 Qh4+ 44. Kg2 Qe1 45. Nf4 Qd2+ 46. Kh3 Qxa2 47. Nxg6 Kg8 48. Ne7+ Kf7 49. Nd5 a3 50. Qe7+ Kg6 51. Nf4+ Kh7 52. Nh5 Qb2 53. Nxg7 a2 54. Ne8+ Kg6 55. Qe6+ Kh7 56. Qf7+ Kh6 57. Qh5# 1-0

[Event "SLO-chT"]
[Site "Slovenia"]
[Date "2016.10.15"]
[Round "2"]
[White "Zugaj, Fjodor"]
[Black "Brinovec, Franc"]
[Result "1-0"]
[WhiteElo "2157"]
[BlackElo "2045"]
[PlyCount "75"]
[EventDate "2016.10.14"]
[EventType "team-tourn"]
[EventRounds "9"]
[EventCountry "SLO"]
[SourceTitle "EXT 2017"]
[Source "ChessBase"]
[SourceDate "2016.10.25"]
[SourceVersion "1"]
[SourceVersionDate "2016.10.25"]
[SourceQuality "1"]
[WhiteTeam "Maribor Branik"]
[BlackTeam "Zalec"]
[WhiteTeamCountry "SLO"]
[BlackTeamCountry "SLO"]

1. Nf3 d5 2. d4 Bf5 3. e3 c6 4. Nbd2 Nd7 5. c4 e6 6. h3 Ngf6 7. g4 Bg6 8. Nh4 Bd6 9. Nxg6 hxg6 10. Bg2 Rc8 11. 0-0 Bb8 12. Re1 Qc7 13. b3 g5 14. Ba3 Nf8 15. Rc1 Ng6 16. cxd5 exd5 17. e4 Qh2+ 18. Kf1 Nf4 19. exd5+ Kd8 20. Be7+ Kd7 21. dxc6+ bxc6 22. Qf3 Nxg2 23. Qxg2 Rxh3 24. Bxf6 Qh1+ 25. Qxh1 Rxh1+ 26. Kg2 Rh2+ 27. Kf3 gxf6 28. Ne4 Rh6 29. Nc5+ Kd6 30. Re4 Kd5 31. Re7 Rh3+ 32. Ke2 Kxd4 33. Ne4 Be5 34. Rc4+ Kd5 35. Rxf7 a5 36. Re7 a4 37. Ng3 Rh4 38. Rd7+ 1-0

[Event "Skopje Karposh op"]
[Site "Skopje"]
[Date "2015.04.02"]
[Round "8"]
[White "Zugaj, Fjodor"]
[Black "Jeremic, Milan1111"]
[Result "1-0"]
[WhiteElo "2187"]
[BlackElo "1997"]
[PlyCount "71"]
[EventDate "2015.03.27"]
[EventType "swiss"]
[EventRounds "9"]
[EventCountry "MKD"]
[SourceTitle "CBM 165 Extra"]
[Source "ChessBase"]
[SourceDate "2015.04.21"]
[SourceVersion "1"]
[SourceVersionDate "2015.04.21"]
[SourceQuality "1"]

1. d4 Nf6 2. Nf3 g6 3. g3 Bg7 4. Bg2 0-0 5. 0-0 d6 6. c4 c6 7. Nc3 Qa5 8. Qc2 Qh5 9. Rd1 Bh3 10. b3 Bxg2 11. Kxg2 e5 12. Ba3 exd4 13. Rxd4 Ne8 14. Rd2 Qa5 15. Bb2 Na6 16. a3 Rd8 17. b4 Qh5 18. Ne4 f5 19. Neg5 Nac7 20. h4 h6 21. Nh3 Ne6 22. Nd4 N8c7 23. Rad1 f4 24. Nxe6 Nxe6 25. Rxd6 f3+ 26. exf3 Qxf3+ 27. Kh2 Rde8 28. Qxg6 Qf7 29. Qxf7+ Rxf7 30. Bxg7 Kxg7 31. Kg2 c5 32. bxc5 Nxc5 33. Nf4 Ne4 34. Rg6+ Kh7 35. h5 Nf6 36. Rd6 1-0

[Event "Skopje Karposh op"]
[Site "Skopje"]
[Date "2015.04.01"]
[Round "7"]
[White "Yazici, Ugur Doga"]
[Black "Zugaj, Fjodor"]
[Result "1/2-1/2"]
[WhiteElo "1928"]
[BlackElo "2187"]
[PlyCount "94"]
[EventDate "2015.03.27"]
[EventType "swiss"]
[EventRounds "9"]
[EventCountry "MKD"]
[SourceTitle "CBM 165 Extra"]
[Source "ChessBase"]
[SourceDate "2015.04.21"]
[SourceVersion "1"]
[SourceVersionDate "2015.04.21"]
[SourceQuality "1"]

1. e4 c6 2. d4 d5 3. e5 Bf5 4. Nc3 e6 5. g4 Bg6 6. Nge2 h5 7. Nf4 Ne7 8. Nxg6 Nxg6 9. gxh5 Nh4 10. Qg4 Nf5 11. Bd3 Qd7 12. Bd2 c5 13. dxc5 Nc6 14. Bf4 Bxc5 15. Bxf5 exf5 16. Qxg7 0-0-0 17. 0-0-0 Qe6 18. Rxd5 Rdg8 19. Qf6 Be7 20. Qxe6+ fxe6 21. Rdd1 Rxh5 22. Rhg1 Rg4 23. Rxg4 fxg4 24. Rg1 Nxe5 25. Bxe5 Rxe5 26. Rxg4 Rh5 27. Ne4 Rxh2 28. Rg7 Kd8 29. Kd2 Rh4 30. Kd3 a6 31. c3 Rh3+ 32. Kd4 Rh5 33. c4 Rf5 34. Rh7 b5 35. Rh8+ Kc7 36. Re8 Bh4 37. Rxe6 Bxf2+ 38. Nxf2 Rxf2 39. Kc3 Kb7 40. a3 bxc4 41. a4 a5 42. Re4 Kb6 43. Rh4 Rg2 44. Rh6+ Kb7 45. Rh5 Kb6 46. Rh6+ Kb7 47. Rd6 Rh2 1/2-1/2

[Event "Skopje Karposh op"]
[Site "Skopje"]
[Date "2014.04.02"]
[Round "6"]
[White "Zugaj, Fjodor"]
[Black "Radovanovic, Dusan"]
[Result "0-1"]
[WhiteElo "2194"]
[BlackElo "2379"]
[PlyCount "78"]
[EventDate "2014.03.29"]
[EventType "swiss"]
[EventRounds "9"]
[EventCountry "MKD"]
[SourceTitle "CBM 159 Extra"]
[Source "ChessBase"]
[SourceDate "2014.04.24"]
[SourceVersion "1"]
[SourceVersionDate "2014.04.24"]
[SourceQuality "1"]

1. e4 c5 2. Nf3 d6 3. Bb5+ Bd7 4. Bxd7+ Qxd7 5. 0-0 Nc6 6. d4 cxd4 7. Nxd4 Nf6 8. Re1 g6 9. c4 Bg7 10. Nc3 0-0 11. Bg5 Rfe8 12. Rc1 h6 13. Be3 Rac8 14. b3 Kh7 15. f3 Qd8 16. Nxc6 Rxc6 17. Nb5 a6 18. Nd4 Rc8 19. Qd2 Nd7 20. Red1 Ne5 21. a4 Nd7 22. Nc2 Nc5 23. Rb1 h5 24. Nb4 Nd7 25. Nd5 Rc6 26. Nb4 Rc8 27. Nd5 Nc5 28. a5 Rc6 29. Qa2 Rc8 30. Nb6 Rc6 31. Bxc5 Rxc5 32. b4 Rc6 33. c5 Kg8 34. Rbc1 Qb8 35. Nd5 e6 36. Nb6 dxc5 37. Nd7 Qc7 38. bxc5 Rd8 39. Qd2 Qc8 0-1

[Event "Skopje Karposh op"]
[Site "Skopje"]
[Date "2014.03.30"]
[Round "2"]
[White "Zugaj, Fjodor"]
[Black "Zlatanovic, Boroljub"]
[Result "0-1"]
[WhiteElo "2194"]
[BlackElo "2398"]
[PlyCount "66"]
[EventDate "2014.03.29"]
[EventType "swiss"]
[EventRounds "9"]
[EventCountry "MKD"]
[SourceTitle "CBM 159 Extra"]
[Source "ChessBase"]
[SourceDate "2014.04.24"]
[SourceVersion "1"]
[SourceVersionDate "2014.04.24"]
[SourceQuality "1"]

1. Nf3 Nf6 2. g3 g6 3. Bg2 Bg7 4. 0-0 0-0 5. c4 c5 6. d4 d6 7. Nc3 Nc6 8. dxc5 dxc5 9. Be3 Be6 10. Bxc5 Qa5 11. b4 Nxb4 12. Bxe7 Rfe8 13. Bxf6 Bxf6 14. Ne4 Bg7 15. Rb1 Bxc4 16. Nd6 Bxe2 17. Qb3 Qxa2 18. Qxb4 Bxf1 19. Rxf1 Bf8 20. Qf4 Bxd6 21. Qxd6 Rad8 22. Qf6 Qe6 23. Qa1 a6 24. Re1 Qd6 25. Rb1 b5 26. h4 Re2 27. Ng5 Qd4 28. Rf1 Rxf2 29. Kh2 Qxa1 30. Rxa1 Rdd2 31. Rg1 Rc2 32. Nh3 Rfd2 33. h5 b4 0-1

[Event "Skopje Karposh op"]
[Site "Skopje"]
[Date "2014.03.29"]
[Round "1"]
[White "Georgiev, Kiril"]
[Black "Zugaj, Fjodor"]
[Result "1/2-1/2"]
[WhiteElo "2625"]
[BlackElo "2194"]
[PlyCount "90"]
[EventDate "2014.03.29"]
[EventType "swiss"]
[EventRounds "9"]
[EventCountry "MKD"]
[SourceTitle "CBM 159 Extra"]
[Source "ChessBase"]
[SourceDate "2014.04.24"]
[SourceVersion "1"]
[SourceVersionDate "2014.04.24"]
[SourceQuality "1"]

1. b3 d5 2. Bb2 Nf6 3. Nf3 Bf5 4. c4 e6 5. Nh4 Bxb1 6. Rxb1 c6 7. g3 Nbd7 8. Bg2 Qa5 9. a3 b5 10. b4 Qd8 11. c5 g6 12. e4 Bg7 13. e5 Ng8 14. d4 a5 15. a4 axb4 16. axb5 cxb5 17. Bf1 Rb8 18. Rc1 Qc7 19. c6 Nb6 20. Bxb5 Ne7 21. 0-0 0-0 22. Qb3 Rfc8 23. Rc5 Nc4 24. Rc1 Rxb5 25. Rxb5 Nxc6 26. Nf3 Bf8 27. Rxc4 dxc4 28. Qxc4 Nxe5 29. Nxe5 Qxc4 30. Nxc4 Rxc4 31. d5 exd5 32. Rxd5 Rc8 33. Rb5 Bd6 34. Rb7 Kf8 35. Kg2 Be7 36. Kf3 f6 37. Bd4 Kf7 38. Ke4 Ke6 39. Rb6+ Kf7 40. Rb7 Rc6 41. Kd5 Rc8 42. Ke4 Ke6 43. Rb6+ Kf7 44. Rb7 Rc6 45. Kd5 Rc8 1/2-1/2

[Event "SLO-chT1 East"]
[Site "Sentjur"]
[Date "2013.10.27"]
[Round "9"]
[White "Spalir, Branko"]
[Black "Zugaj, Fjodor"]
[Result "1/2-1/2"]
[WhiteElo "2105"]
[BlackElo "2187"]
[PlyCount "20"]
[EventDate "2013.10.17"]
[EventType "team-tourn"]
[EventRounds "9"]
[EventCountry "SLO"]
[SourceTitle "EXT 2015"]
[Source "ChessBase"]
[SourceDate "2014.11.20"]
[SourceVersion "1"]
[SourceVersionDate "2014.11.20"]
[SourceQuality "1"]

1. e4 c6 2. d4 d5 3. exd5 cxd5 4. Bd3 Nc6 5. c3 Nf6 6. Bg5 e6 7. Nf3 Be7 8. 0-0 0-0 9. Ne5 Nxe5 10. dxe5 Nd7 1/2-1/2

[Event "SLO-chT1 East"]
[Site "Sentjur"]
[Date "2013.10.19"]
[Round "4"]
[White "Zugaj, Fjodor"]
[Black "Pirs, Matjaz"]
[Result "1-0"]
[WhiteElo "2187"]
[BlackElo "2068"]
[PlyCount "125"]
[EventDate "2013.10.17"]
[EventType "team-tourn"]
[EventRounds "9"]
[EventCountry "SLO"]
[SourceTitle "EXT 2015"]
[Source "ChessBase"]
[SourceDate "2014.11.20"]
[SourceVersion "1"]
[SourceVersionDate "2014.11.20"]
[SourceQuality "1"]

1. d4 Nf6 2. Nf3 e6 3. c4 b6 4. g3 Bb7 5. Bg2 Bb4+ 6. Nc3 0-0 7. 0-0 Be7 8. Bf4 Ne4 9. Nb5 Nd6 10. Rc1 Ne8 11. c5 d6 12. Qc2 bxc5 13. Ng5 Bxg5 14. Bxg5 Qc8 15. Be4 Bxe4 16. Qxe4 d5 17. Qf3 Qd7 18. Rxc5 Na6 19. Qc3 Nxc5 20. Qxc5 f6 21. Bf4 a6 22. Nc3 Nd6 23. Rc1 Rfc8 24. b3 g5 25. Be3 Kg7 26. Na4 Ne4 27. Qc2 h6 28. f3 Nd6 29. Nc5 Qe7 30. Rd1 c6 31. Na4 Rab8 32. Nc5 a5 33. Bc1 Nb7 34. Na4 Qd8 35. Ba3 Qe8 36. Rc1 Qg6 37. Qd2 h5 38. Kf2 Qf5 39. Qe3 Kf7 40. Nb6 Rc7 41. Kg2 Rd8 42. b4 axb4 43. Bxb4 e5 44. a4 exd4 45. Qxd4 c5 46. Bxc5 Qe6 47. a5 Nxa5 48. Qd3 f5 49. Na4 Nb7 50. Kf2 Rcc8 51. Be3 Rxc1 52. Bxc1 Kg6 53. Bb2 Rf8 54. Bd4 Rc8 55. Qb3 Qc6 56. Nb6 Rd8 57. h4 gxh4 58. gxh4 Qe6 59. Qc2 Nd6 60. Qc7 Rg8 61. Nd7 Ne8 62. Ne5+ Kh6 63. Be3+ 1-0

[Event "Sentjur Ipavec Memorial 13th"]
[Site "Sentjur"]
[Date "2013.09.15"]
[Round "6"]
[White "Bratkovic, Sham"]
[Black "Zugaj, Fjodor"]
[Result "1/2-1/2"]
[WhiteElo "2023"]
[BlackElo "2187"]
[PlyCount "43"]
[EventDate "2013.09.11"]
[EventType "swiss"]
[EventRounds "9"]
[EventCountry "SLO"]
[SourceTitle "EXT 2015"]
[Source "ChessBase"]
[SourceDate "2014.11.20"]
[SourceVersion "1"]
[SourceVersionDate "2014.11.20"]
[SourceQuality "1"]

1. e4 d6 2. d4 g6 3. Nc3 Bg7 4. f4 Nd7 5. Nf3 c6 6. Be3 Ngf6 7. h3 Qa5 8. Bd3 e5 9. 0-0 0-0 10. Qd2 exd4 11. Bxd4 Nc5 12. a3 Nxd3 13. cxd3 Nh5 14. Bxg7 Nxg7 15. f5 gxf5 16. Qh6 f6 17. Nh4 f4 18. Qxf4 Qg5 19. Qf2 Bxh3 20. Nf3 Qg6 21. Nh4 Qg5 22. Nf3 1/2-1/2

[Event "Sentjur Ipavec Memorial 13th"]
[Site "Sentjur"]
[Date "2013.09.14"]
[Round "5"]
[White "Zugaj, Fjodor"]
[Black "Spalir, Jernej"]
[Result "0-1"]
[WhiteElo "2187"]
[BlackElo "2310"]
[PlyCount "39"]
[EventDate "2013.09.11"]
[EventType "swiss"]
[EventRounds "9"]
[EventCountry "SLO"]
[SourceTitle "EXT 2015"]
[Source "ChessBase"]
[SourceDate "2014.11.20"]
[SourceVersion "1"]
[SourceVersionDate "2014.11.20"]
[SourceQuality "1"]

1. d4 d5 2. Nf3 Nf6 3. c4 c6 4. Qb3 dxc4 5. Qxc4 Bf5 6. Nc3 e6 7. g3 Be7 8. Bg2 Nbd7 9. 0-0 0-0 10. Bf4 Rc8 11. Rac1 c5 12. Qb5 Nb6 13. dxc5 Bxc5 14. b4 Bd6 15. Rfd1 a6 16. Qa5 Nc4 17. Qxd8 Rfxd8 18. Nd4 Nb2 19. Nxf5 Nxd1 20. Rxd1 0-1